Decision-Making of the Investment Portfolio Applying Intermarket Analysis

Príspevok sa zaoberá možnosťami aplikácie intermarketovej analýzy pre tvorbu investičného portfólia. Cieľom je analyzovať, ako sa prispôsobiť rôznym trhovým vzťahom s cieľom posúdiť príťažlivosť rôznych aktív a zohľadňovať ich na vytvorenie investičného portfólia.

Guardado en:
Detalles Bibliográficos
Autor principal: Cibulskienė, Diana
Otros Autores: Brazauskas, Martynas
Formato: Capítulo de libro
Lenguaje:inglés
Materias:
Etiquetas: Agregar Etiqueta
Sin Etiquetas, Sea el primero en etiquetar este registro!

MARC

LEADER 00000nla a2200000 4500
001 0242955
005 20240417075138.4
041 0 |a eng 
044 |a CZ 
245 1 0 |a Decision-Making of the Investment Portfolio Applying Intermarket Analysis  |c Diana Cibulskienė, Martynas Brazauskas 
520 |a Príspevok sa zaoberá možnosťami aplikácie intermarketovej analýzy pre tvorbu investičného portfólia. Cieľom je analyzovať, ako sa prispôsobiť rôznym trhovým vzťahom s cieľom posúdiť príťažlivosť rôznych aktív a zohľadňovať ich na vytvorenie investičného portfólia. 
610 2 0 |a portfólio 
610 2 0 |a investovanie 
610 2 0 |a investície 
610 2 0 |a rozhodovanie 
610 2 0 |a rozhodovanie investičné 
610 2 0 |a trh finančný medzinárodný 
610 2 0 |a akcie 
610 2 0 |a komodity 
610 2 0 |a mena 
100 1 |a Cibulskienė, Diana 
700 1 |a Brazauskas, Martynas